000 00302nam a2200121Ia 4500
005 20251222155044.0
008 251222s9999||||xx |||||||||||||| ||spa||
082 _aMEQ.230
100 _aJOHN. B. West.
245 0 _aBases fisiológicas de la práctica médica
264 _bPanamericana
942 _cLIB
999 _c37006
_d37006